000 00617nam a2200241Ia 4500
003 OSt
005 20221005114025.0
006 a|||||r|||| 00| 0
007 ta
008 221004b |||||||| |||| 00| 0 eng d
024 _a66493
037 _cTextual
040 _aCRL
_cCRL
_beng
041 _2eng
_aeng
082 _aV73:2:N5, J83-;1
100 _aGriffith Ernest S.
245 0 _aAmerican system of government
250 _a2nd
260 _c1983
650 _aUNITED STATES - HISTORY
_931585
942 _hV73:2:N5, J83-;1
_cTEXL
_2cc
999 _c1030041
_d1030041